000
00257nam a22001217a 4500
008
181001b xxu||||| |||| 00| 0 eng d
041
_a
eng
080
_a
541
100
_a
12
101
_a
KIM
245
_a
Residue reviews
_c
Gunther,F.A
942
_2
udc
_c
BK
999
_c
48764
_d
48764